000 00646nam a2200241Ia 4500
005 20260121112410.0
008 5675 260114s9999 xx 000 0 eng d
020 _a9789814452656
037 _aEBOOK
040 _aCRL
_beng
_cCRL
041 _aeng
_2eng
084 _qCRL
100 _aWang Feng-Yu
_9956973
245 0 _aAnalysis for Diffusion Processes on Riemannian Manifolds
260 _bWorld Scientific
260 _bWSPC
260 _c2013
650 _aMathematics
_9956974
856 _uhttps://www.worldscientific.com/worldscibooks/10.1142/8737#t=toc
942 _cEBOOK
999 _c1542975
_d1542975